| 000 | 01372nam a2200229Ia 4500 | ||
|---|---|---|---|
| 003 | Ost | ||
| 005 | 20260507075455.0 | ||
| 008 | 260507s9999||||xx |||||||||||||| ||und|| | ||
| 040 | _cfsecg | ||
| 041 | _aara | ||
| 082 | _a640 | ||
| 100 |
_aمزاهرة، ايمن سليمان _eمؤلف |
||
| 245 | 0 |
_aمدخل الى الاقتصاد المنزلي / _c ايمن سليمان مزاهرة |
|
| 260 |
_aعمان: _bدار المناهج للنشر و التوزيع, _c2004 |
||
| 300 |
_a286 صفحة؛ _c24 سم |
||
| 504 | _aبيبليوغرافيا ص.283 | ||
| 520 | _aيتضمن هذا المؤلف مجموعة واسعة من المعلومات التي تعلق بمفهوم الاقتصاد المنزلي وأهدافه، نشأة علم الاقتصاد المنزلي وتطوره، بعض المجالات المرتبطة بالاقتصاد المنزلي، إدارة المنزل واقتصاديات الأسرة، والملابس، تصفيف الشعر والعناية بالبشرة، تقديم خدمة الطعام، التصنيع الغذائي المنزلي، الأمومة والطفولة، الصحة والسلامة المنزلية، الحديقة المنزلية. | ||
| 653 | _aإقتصاد منزلي | ||
| 653 | _aالأسرة | ||
| 700 |
_aحجازين، نشيوات ليلى _eمؤلف ثانوي |
||
| 942 | _cكتاب | ||
| 999 |
_c44664 _d44664 |
||